Kalkulátor grúp eliptických kriviek nad poľami prvočíselného rádu

Uložené v:
Podrobná bibliografia
Hlavný autor: Pečíková, Bronislava (Autor)
Ďalší autori: Šiagiová, Jana (Vedúci práce)
Médium: Rukopis Kniha
Jazyk:Slovak
Vydavateľské údaje: 2016
Predmet:
On-line prístup:http://is.stuba.sk/zp/portal_zp.pl?podrobnosti=131503
https://opac.crzp.sk/?fn=detailBiblioForm&sid=CAF43C23BCEFEBA4B8CF1ABCB6F5
Tagy: Pridať tag
Žiadne tagy, Buďte prvý, kto otaguje tento záznam!

MARC

LEADER 00000ntm a22000003a 4500
001 stuzp59282
003 SK-STU
005 20231004102920.1
007 ta
008 150427s2015----xo-----f-mn---000-0-slo-d
040 |a STU  |b slo 
041 0 |a slo 
100 1 |a Pečíková, Bronislava  |u 010220  |4 aut  |U SvF Stavebná fakulta  |T SvF Katedra matematiky a deskriptívnej geometrie  |X 63359  |U V220  |Y 23  |7 63359 
242 0 1 |a Eliptic curve calculator  |y eng 
245 1 0 |a Kalkulátor grúp eliptických kriviek nad poľami prvočíselného rádu 
260 |c 2016 
650 4 |a eliptické krivky  |2 slo 
650 4 |a algebraické štruktúry  |2 slo 
650 4 |a Diffie-Hellmanov protokol s použitím eliptických kriviek  |2 slo 
650 4 |a elliptic curves  |2 eng 
650 4 |a Diffie-Hellman cryptosystem  |2 eng 
650 4 |a algebraic structure  |2 eng 
700 1 |a Šiagiová, Jana  |u 010220  |k Z1  |4 ths  |U SvF Stavebná fakulta  |T SvF Katedra matematiky a deskriptívnej geometrie  |X 650  |U V220  |Y 23  |7 A000000650 
856 4 |u http://is.stuba.sk/zp/portal_zp.pl?podrobnosti=131503 
856 4 |u https://opac.crzp.sk/?fn=detailBiblioForm&sid=CAF43C23BCEFEBA4B8CF1ABCB6F5 
SQL |a stuzp59282  |b DBP  |c SLO  |d Kalkulátor grúp eliptických kriviek nad poľami prvočíselného rádu  |e 63359  |f Pečíková, Bronislava  |g 010220  |h 650  |i Šiagiová, Jana  |j 20160622  |k 1269  |l 01  |m http://is.stuba.sk/zp/portal_zp.pl?podrobnosti=131503  |n B-MAPM  |o 9.1.9. aplikovaná matematika